[Event "Sachsen-ch U10 Girls"]
[Site "Sebnitz"]
[Date "2006.04.21"]
[Round "6"]
[White "Nitz, Nicole"]
[Black "Schmaeschke, Teresa"]
[Result "0-1"]
[WhiteElo "894"]
[BlackElo "837"]
[PlyCount "40"]
[EventDate "2006.04.18"]
[EventType "swiss"]
[EventRounds "7"]
[EventCountry "GER"]
[SourceTitle "EXT 2007"]
[Source "ChessBase"]
[SourceDate "2006.11.23"]
[SourceVersion "1"]
[SourceVersionDate "2006.11.23"]
[SourceQuality "1"]

1. e4 e5 2. Nf3 Nc6 3. d4 exd4 4. c3 dxc3 5. Nxc3 Bc5 6. Bc4 Nf6 7. Ng5 0-0 8. Bf4 d6 9. h3 Nd4 10. 0-0 h6 11. Nxf7 Qe7 12. Nxd6+ Kh7 13. e5 cxd6 14. exf6 Qxf6 15. Qg4 Bxg4 16. hxg4 Qxf4 17. Bd3+ Kh8 18. Rae1 Qxg4 19. Re7 Nf3+ 20. Kh1 Qh4# 0-1

[Event "Sachsen-ch U10 Girls"]
[Site "Sebnitz"]
[Date "2006.04.19"]
[Round "3"]
[White "Puehrer, Anne"]
[Black "Nitz, Nicole"]
[Result "0-1"]
[WhiteElo "816"]
[BlackElo "894"]
[PlyCount "48"]
[EventDate "2006.04.18"]
[EventType "swiss"]
[EventRounds "7"]
[EventCountry "GER"]
[SourceTitle "EXT 2007"]
[Source "ChessBase"]
[SourceDate "2006.11.23"]
[SourceVersion "1"]
[SourceVersionDate "2006.11.23"]
[SourceQuality "1"]

1. e4 e5 2. Nf3 Nc6 3. d4 exd4 4. Nxd4 Bc5 5. Nb3 Bb6 6. Nc3 d6 7. Bb5 Nf6 8. Bg5 0-0 9. Nd5 Kh8 10. Nxf6 gxf6 11. Bh6 Rg8 12. Bc4 Ne5 13. Bd5 f5 14. Qh5 Qf6 15. exf5 Bxf5 16. Bxb7 Bg4 17. Qxg4 Nxg4 18. Bxa8 Nxh6 19. Bf3 Re8+ 20. Be2 Qxf2+ 21. Kd1 Qxe2+ 22. Kc1 Nf5 23. Rd1 Be3+ 24. Kb1 Qxd1+ 0-1

[Event "Sachsen-ch U10 Girls"]
[Site "Sebnitz"]
[Date "2005.04.01"]
[Round "7"]
[White "Nitz, Nicole"]
[Black "Schmieder, Michelle"]
[Result "0-1"]
[WhiteElo "799"]
[BlackElo "778"]
[PlyCount "96"]
[EventDate "2005.03.29"]
[EventType "swiss"]
[EventRounds "7"]
[EventCountry "GER"]
[SourceTitle "EXT 2007"]
[Source "ChessBase"]
[SourceDate "2006.11.23"]
[SourceVersion "1"]
[SourceVersionDate "2006.11.23"]
[SourceQuality "1"]

1. e4 e5 2. Nf3 Nc6 3. Nc3 Nf6 4. Bc4 Bc5 5. d3 d6 6. Bg5 h6 7. Be3 Bxe3 8. fxe3 Ng4 9. Qe2 0-0 10. 0-0 Nb4 11. a3 Nxc2 12. Qxc2 Nxe3 13. Qe2 Nxf1 14. Rxf1 a6 15. Nd2 b5 16. Bb3 a5 17. Nxb5 c6 18. Nc3 Qb6+ 19. Kh1 Kh8 20. Qh5 Ra7 21. Nf3 Qxb3 22. Ng5 Be6 23. h3 f6 24. Qg6 Bg8 25. Ne2 Qxd3 26. Qh5 Rb7 27. Qg4 Rxb2 28. Ne6 Rf7 29. Kg1 Rxe2 30. Qg6 Re7 31. Rf5 Rxe6 32. Rh5 c5 33. Rh4 Re7 34. a4 c4 35. Rg4 c3 36. Qf5 c2 37. Qf1 Qd2 38. h4 Rc7 39. h5 Re1 40. Qxe1 Qxe1+ 41. Kh2 c1Q 42. Kh3 Qee3+ 43. Rg3 Qxe4 44. Rb3 Be6+ 45. Kg3 Qd2 46. Rb8+ Rc8 47. Rxc8+ Bxc8 48. Kh2 Qexg2# 0-1

[Event "Sachsen-ch U10 Girls"]
[Site "Sebnitz"]
[Date "2005.03.29"]
[Round "2"]
[White "Grassmann, Lisa"]
[Black "Nitz, Nicole"]
[Result "1-0"]
[WhiteElo "998"]
[BlackElo "799"]
[PlyCount "73"]
[EventDate "2005.03.29"]
[EventType "swiss"]
[EventRounds "7"]
[EventCountry "GER"]
[SourceTitle "EXT 2007"]
[Source "ChessBase"]
[SourceDate "2006.11.23"]
[SourceVersion "1"]
[SourceVersionDate "2006.11.23"]
[SourceQuality "1"]

1. e4 e5 2. Nf3 Nc6 3. Nc3 Bc5 4. Bc4 d6 5. d3 Bg4 6. Be3 Bxe3 7. fxe3 Nf6 8. 0-0 0-0 9. Qd2 Qe8 10. Nd5 Nxd5 11. exd5 Nd8 12. Rae1 Qd7 13. d4 Qf5 14. Nh4 Qg5 15. Nf3 Qg6 16. Bd3 e4 17. Bxe4 Qxe4 18. Ng5 Qxd5 19. e4 Qxa2 20. Qd3 Ne6 21. Ra1 Qxb2 22. Rfb1 Qxd4+ 23. Qxd4 Nxd4 24. Rxb7 Rfe8 25. Rxc7 Bh5 26. Rb1 g6 27. Rbb7 Ne2+ 28. Kf1 d5 29. Rxf7 dxe4 30. Rg7+ Kh8 31. Rxh7+ Kg8 32. Rhg7+ Kh8 33. Rh7+ Kg8 34. Rhg7+ Kh8 35. g4 Bxg4 36. Rxg6 Rad8 37. Rh7# 1-0